Barcelona sense universitat i la restauració de la Universitat de Barcelona (1714-1837) / (Record n. 11222)

Dettagli MARC
000 -LEADER
fixed length control field 01091nam a2200253 i 4500
003 - CONTROL NUMBER IDENTIFIER
control field IT-RoINE
005 - DATE AND TIME OF LATEST TRANSACTION
control field 20200423130254.0
008 - FIXED-LENGTH DATA ELEMENTS--GENERAL INFORMATION
fixed length control field 131001r20131938sp a |r||||o001|| cat|d
020 ## - INTERNATIONAL STANDARD BOOK NUMBER
International Standard Book Number 9788447537310
040 ## - CATALOGING SOURCE
Original cataloging agency SpMaBN
Transcribing agency SpMaBN IT-RoINE
Modifying agency IT-RoINE
100 1# - MAIN ENTRY--PERSONAL NAME
Personal name Soldevila, Ferran,
Dates associated with a name 1894-1971
9 (RLIN) 7594
245 10 - TITLE STATEMENT
Title Barcelona sense universitat i la restauració de la Universitat de Barcelona (1714-1837) /
Statement of responsibility, etc Ferran Soldevila ; pròlegs de Jordi Casassas Ymbert i Enric Pujol Casademont.
260 ## - PUBLICATION, DISTRIBUTION, ETC. (IMPRINT)
Place of publication, distribution, etc Barcelona :
Name of publisher, distributor, etc Universitat de Barcelona, Publicacions i Edicions,
Date of publication, distribution, etc 2013.
300 ## - PHYSICAL DESCRIPTION
Extent 212 p., [11] h. de lám. ;
Dimensions 22 cm.
336 ## - CONTENT TYPE
Content type term Texto (visual)
Source isbdcontent
337 ## - MEDIA TYPE
Source rdamedia
Media type term unmediated
338 ## - CARRIER TYPE
Source rdacarrier
Carrier type term volume
500 ## - GENERAL NOTE
General note Incluye índice.
534 ## - ORIGINAL VERSION NOTE
Introductory phrase Reproducción de la edición de:
Publication, distribution, etc Barcelona : Universitat de Barcelona, Facultat de Filosofia i Lletres i Pedagogia, 1938
610 24 - SUBJECT ADDED ENTRY--CORPORATE NAME
Corporate name or jurisdiction name as entry element Universidad de Barcelona (España)
9 (RLIN) 17434
General subdivision Historia
700 1# - ADDED ENTRY--PERSONAL NAME
Personal name Casassas i Ymbert, Jordi,
Dates associated with a name 1948-
9 (RLIN) 17215
700 1# - ADDED ENTRY--PERSONAL NAME
Personal name Pujol, Enric,
Dates associated with a name 1960-
9 (RLIN) 22941
942 ## - ADDED ENTRY ELEMENTS (KOHA)
Item type Monografías
Dati di copia
Withdrawn status Lost status Damaged status Not for loan Home library Current library Date acquired Total Checkouts Full call number Barcode Date last seen Price effective from Koha item type
        Iglesia Nacional Española en Roma Iglesia Nacional Española en Roma 21/03/2016   HIS.ESP.3. 714 22676 21/03/2016 21/03/2016 Monografías